000 00624nam a2200205Ia 4500
001 4978
003 GE_BSU
008 181216s||||||||xx |||||||||||||| ||und||
040 _cGE_BSU
080 _a514(075.8)
100 _aАтанасян Л.С. Базылев В.Т.
245 _aГеометрия в 2-х частях. ч.1
245 _bУчеб. пособие для студ. физ-мат. фак-ов пед. ин-тов.
260 _aМосква
260 _bПросвещение
260 _c1986
300 _a335 с. 22 см.
653 _aГеометрия в 2-х частях.
942 _cBK
999 _c38708
_d38708